| 000 | 00515nam a22001937a 4500 | ||
|---|---|---|---|
| 001 | BT-PhCST | ||
| 003 | BT-PhCST | ||
| 005 | 20190204171114.0 | ||
| 008 | 150427b xxu||||| |||| 00| 0 eng d | ||
| 020 | _a0256016372 | ||
| 040 |
_aBT-PhCST _cBT-PhCST _dBT-PhCST |
||
| 050 | _aAcc No. D328 | ||
| 082 |
_222 _a338.519 |
||
| 100 | _aFerguson and Could | ||
| 245 | _aMicroeconomic theory / | ||
| 260 |
_aOntario L7G 4B3, _bRichard D. Irwin, Inc _cc1996. |
||
| 300 |
_axiv, 542 p. ; _bill. ; _c18 cm. |
||
| 942 |
_2ddc _cREF |
||
| 999 |
_c5475 _d5475 |
||